000 00836nam a2200241 a 4500
005 20250312063753.0
008 991125s1987 fr 000 0 eng u
020 _a9280311271
035 _aUPN01000010676
040 _aMX-MxUPN
_bspa
_cMX-MxUPN
049 _aUNE
050 4 _aLB2097
_bV4.3
100 1 _aVladislavlev, Alexandre Pavlovich,
_d1936-
_940389
245 1 2 _aA conceptual framework for the development lifelong education in the USSR
260 _aParís :
_bUNESCO International Institute for Educational Planning,
_c1987
300 _a111 páginas
490 _aFundamentals of educational planning ;
_v35
500 _aExiste un ejemplar en Colección General
650 2 _aEducación permanente -
_zRusia (Federación)
_925814
902 _bMaiella Martínez / 11032025
905 _aLibro
942 _2lcc
_cLIBRO
999 _c10676
_d10676